Japan Quality Control Circles : Quality Control Circle Case Studies /
Colección de artículos traducidos de la revista Factory Management, publicada en Tokio. Contenido: El avance del movimiento de los círculos de control de calidad; Los círculos de control de calidad y las relaciones humanas; Las actividades de los círculos de control de calidad y la implementación de...
-д хадгалсан:
| Формат: | Ном |
|---|---|
| Хэл сонгох: | англи |
| Хэвлэсэн: |
Tokio, Japón :
Asian Productivity Organization,
1984, c1972
|
| Цуврал: | (Industrial Engineering and Technology)
|
| Нөхцлүүд: | |
| Шошгууд: |
Шошго байхгүй, Энэхүү баримтыг шошголох эхний хүн болох!
|
MARC
| LEADER | 00000nam^a2200000^a^4500 | ||
|---|---|---|---|
| 001 | 000181892 | ||
| 005 | 20250521000000.0 | ||
| 009 | 20260310101946.974 | ||
| 020 | |a 92-833-1022-5 | ||
| 037 | |a Acervo ITESO - Biblioteca | ||
| 041 | |a ING | ||
| 082 | |a 658. 5620952 |b JAP | ||
| 245 | 0 | 0 | |a Japan Quality Control Circles : |b Quality Control Circle Case Studies / |c Introd. de F. Nixon. |
| 264 | 4 | |a Tokio, Japón : |b Asian Productivity Organization, |c 1984, c1972 | |
| 300 | |a 208 p. | ||
| 336 | |a texto |b txt |2 rdacontenido | ||
| 337 | |a sin mediación |b n |2 rdamedio | ||
| 338 | |a volumen |b nc |2 rdasoporte | ||
| 440 | 1 | |a (Industrial Engineering and Technology) | |
| 520 | |a Colección de artículos traducidos de la revista Factory Management, publicada en Tokio. Contenido: El avance del movimiento de los círculos de control de calidad; Los círculos de control de calidad y las relaciones humanas; Las actividades de los círculos de control de calidad y la implementación de técnicas de control de calidad; Círculo de control de calidad y entrenamiento; Las empresas pequeñas y las actividades de los círculos de control de calidad. Casos: Eliminación de errores de la maquinaria; Reducción de defectos dimensionales en fieltro; Regreso del proceso de cortado mejorado; Reducción de defectos en láminas de metal; Reducción de defectos de procesamiento en componentes de refrigeración; Simplificación del pesado de ingredientes de compuestos de hule; Reemplazo de la inspección intermedia por la inspección independiente; Reducción de pegamento de seda cruda; Reducción de trabajo de soldadura defectuoso en el ensamblaje de piezas eléctricas; Liderando el control de calidad; Operación temprana de maquinaria recientemente instalada; Incremento de la eficiencia al mejorar los métodos de operación; Mejora del índice de funcionamiento del girado del hilado sintético; Proporcionar incentivos al los círculos de control de calidad a través de un sistema de la evaluación; Reducción de desviación en los ejes de engranaje; Mejoramiento de la suavidad de cilindro; El movimiento de círculos de control de calidad (aplicado a requisitos de compra); Eliminación de la inspección en el proceso de empacado “a”. | ||
| 649 | |a XX | ||
| 650 | |a Círculos de Calidad - |z Japón | ||
| 650 | |a Calidad Total - |z Japón | ||
| 650 | |a Control de Calidad - |z Japón | ||
| 650 | |a Proceso de Producción - |z Japón | ||
| 650 | |a Administración del Producto - |z Japón | ||
| 650 | |a Calidad Total - |z Japón | ||
| 650 | |a Administración - |z Japón | ||
| 650 | |a Ingeniería Industrial | ||
| 650 | |a Ciencias Administrativas | ||
| 910 | |a Fondo General | ||
| 920 | |a Impresos - Libros | ||
| 930 | |a Colección General | ||
| 905 | |a 101 | ||
| 901 | |a 0500121674 |b IT1 |c ACC |u 20250521 | ||
| 902 | |a https://opac.biblio.iteso.mx/vufind/Record/000181892 | ||